<?xml version="1.0" encoding="UTF-8"?><?xml-stylesheet type="text/xsl" href="static/style.xsl"?><OAI-PMH xmlns="http://www.openarchives.org/OAI/2.0/" xmlns:xsi="http://www.w3.org/2001/XMLSchema-instance" xsi:schemaLocation="http://www.openarchives.org/OAI/2.0/ http://www.openarchives.org/OAI/2.0/OAI-PMH.xsd"><responseDate>2026-04-26T23:28:59Z</responseDate><request verb="GetRecord" identifier="oai:repisalud.isciii.es:20.500.12105/15527" metadataPrefix="marc">https://repisalud.isciii.es/rest/oai/request</request><GetRecord><record><header><identifier>oai:repisalud.isciii.es:20.500.12105/15527</identifier><datestamp>2024-09-27T21:59:29Z</datestamp><setSpec>com_20.500.12105_2052</setSpec><setSpec>com_20.500.12105_2051</setSpec><setSpec>col_20.500.12105_19609</setSpec></header><metadata><record xmlns="http://www.loc.gov/MARC21/slim" xmlns:dcterms="http://purl.org/dc/terms/" xmlns:doc="http://www.lyncode.com/xoai" xmlns:xsi="http://www.w3.org/2001/XMLSchema-instance" xsi:schemaLocation="http://www.loc.gov/MARC21/slim http://www.loc.gov/standards/marcxml/schema/MARC21slim.xsd">
   <leader>00925njm 22002777a 4500</leader>
   <datafield ind2=" " ind1=" " tag="042">
      <subfield code="a">dc</subfield>
   </datafield>
   <datafield ind2=" " ind1=" " tag="720">
      <subfield code="a">Bueno Campaña, M</subfield>
      <subfield code="e">author</subfield>
   </datafield>
   <datafield ind2=" " ind1=" " tag="720">
      <subfield code="a">Calvo Rey, C</subfield>
      <subfield code="e">author</subfield>
   </datafield>
   <datafield ind2=" " ind1=" " tag="720">
      <subfield code="a">Vázquez Alvarez, M C</subfield>
      <subfield code="e">author</subfield>
   </datafield>
   <datafield ind2=" " ind1=" " tag="720">
      <subfield code="a">Parra Cuadrado, E</subfield>
      <subfield code="e">author</subfield>
   </datafield>
   <datafield ind2=" " ind1=" " tag="720">
      <subfield code="a">Molina Amores, C</subfield>
      <subfield code="e">author</subfield>
   </datafield>
   <datafield ind2=" " ind1=" " tag="720">
      <subfield code="a">Rodrigo García, G</subfield>
      <subfield code="e">author</subfield>
   </datafield>
   <datafield ind2=" " ind1=" " tag="720">
      <subfield code="a">Echávarri Olavarria, F</subfield>
      <subfield code="e">author</subfield>
   </datafield>
   <datafield ind2=" " ind1=" " tag="720">
      <subfield code="a">Valverde Cánovas, J</subfield>
      <subfield code="e">author</subfield>
   </datafield>
   <datafield ind2=" " ind1=" " tag="720">
      <subfield code="a">Casas Flecha, Inmaculada</subfield>
      <subfield code="e">author</subfield>
   </datafield>
   <datafield ind2=" " ind1=" " tag="260">
      <subfield code="c">2008-11</subfield>
   </datafield>
   <datafield ind2=" " ind1=" " tag="520">
      <subfield code="a">[ES] Antecedentes: El virus respiratorio sincitial (VRS) y otros virus son causas conocidas de hospitalización en lactantes. Menos conocido es el patrón de virus en infecciones extrahospitalarias en menores de 6 meses. Objetivo: El objetivo de este estudio es describir las características clínicas y los factores epidemiológicos asociados con las infecciones respiratorias virales de ámbito extrahospitalario en menores de 6 meses. Pacientes y métodos: Estudio prospectivo en cohorte de niños de las áreas 8 y 9 de Madrid controlados desde el nacimiento mediante llamadas telefónicas quincenales durante una temporada invernal. Se registraron datos clínicos y epidemiológicos en cuestionarios prediseñados. Se exploró y recogió el aspirado nasofaríngeo (ANF) cuando el paciente presentó sintomatología compatible con una infección respiratoria. El diagnóstico de los virus más comunes se realizó con inmunofluorescencia directa (IFD) y amplificación genómica (PCR). Resultados: Fueron seleccionados 316 recién nacidos. Se realizaron 1.865 llamadas telefónicas (mediana 4), y 106 visitas, en 89 de las cuales se confirmó la enfermedad. Los síntomas más frecuentes fueron rinitis (91 %) y tos (69 %). El diagnóstico clínico principal fue infección respiratoria de vías altas (82 %); 17 de 72 ANF realizados (23,2 %) fueron positivos. Se detectaron rinovirus (41,1 %) y VRS (35,2 %). Ingresaron un 16 % (17/106) de los niños atendidos por enfermedad (el 5,3% de la cohorte), diagnosticados de síndrome febril y de bronquiolitis. No encontramos ningún factor epidemiológico asociado con la infección respiratoria viral en los casos positivos. Conclusiones: En nuestro medio las infecciones respiratorias de los lactantes son en su mayoría banales y no precisan atención hospitalaria. El rinovirus y el VRS son los principales agentes etiológicos. No se encontraron factores epidemiológicos relacionados con la infección respiratoria asociada a virus. [EN] Background: Respiratory syncytial virus and Influenza virus infections are known causes of hospital admission in infants. It is less well known the pattern of virus infections in infants under 6 months of age in the outpatient setting. Objective: To describe the clinical and epidemiological pattern of community-acquired viral respiratory infections in infants under 6 months. Patients and methods: A cohort of infants from the 8 and 9 Madrid Health Districts was followed by telephone calls every two weeks since birth during the epidemic winter season. Clinical and epidemiological data were collected in pre-designed questionnaires. Nasopharyngeal aspirate was obtained in every patient with symptoms compatible with respiratory infection. Diagnosis of the more common virus was made with direct immunofluorescence and nucleic acid amplification test (PCR). Results: Were recruited 316 newborns. The 1,865 phone calls made (median 4 for every child), produced 106 visits, and the illness confirmed in 89 illness. Rhinitis (91%) and cough (69%) were the most common symptoms. Upper respiratory infection was the principal clinical diagnosis (84.5%), and 17 of the 72 samples (23.2%) were positive. Most common viruses were RSV (41.1%) and rhinovirus (35.2%). Of the children visited, 17 out of 106 (16%) (5.3% of the cohort) were admitted to hospital. Diagnoses were febrile syndrome and bronchiolitis. We did not find any epidemiological factor associated with viral respiratory infection in positive cases. Conclusions: In our population most of the respiratory infections in infants are minor and do not need hospital assistance. Rhinovirus and RSV are the major pathogens. We did not find any epidemiological factor associated with viral respiratory infection.</subfield>
   </datafield>
   <datafield ind1="8" ind2=" " tag="024">
      <subfield code="a">An Pediatr (Barc). 2008 Nov;69(5):400-5.</subfield>
   </datafield>
   <datafield ind1="8" ind2=" " tag="024">
      <subfield code="a">1695-4033</subfield>
   </datafield>
   <datafield ind1="8" ind2=" " tag="024">
      <subfield code="a">http://hdl.handle.net/20.500.12105/15527</subfield>
   </datafield>
   <datafield ind1="8" ind2=" " tag="024">
      <subfield code="a">19128739</subfield>
   </datafield>
   <datafield ind1="8" ind2=" " tag="024">
      <subfield code="a">10.1157/13127993</subfield>
   </datafield>
   <datafield ind1="8" ind2=" " tag="024">
      <subfield code="a">Anales de pediatria (Barcelona, Spain : 2003)</subfield>
   </datafield>
   <datafield tag="653" ind2=" " ind1=" ">
      <subfield code="a">Lactantes</subfield>
   </datafield>
   <datafield tag="653" ind2=" " ind1=" ">
      <subfield code="a">Infección respiratoria</subfield>
   </datafield>
   <datafield tag="653" ind2=" " ind1=" ">
      <subfield code="a">Virus respiratorio sincitial (VRS)</subfield>
   </datafield>
   <datafield tag="653" ind2=" " ind1=" ">
      <subfield code="a">Rinovirus</subfield>
   </datafield>
   <datafield tag="653" ind2=" " ind1=" ">
      <subfield code="a">Infants</subfield>
   </datafield>
   <datafield tag="653" ind2=" " ind1=" ">
      <subfield code="a">Respiratory tract infection</subfield>
   </datafield>
   <datafield tag="653" ind2=" " ind1=" ">
      <subfield code="a">Respiratory syncytial virus</subfield>
   </datafield>
   <datafield tag="653" ind2=" " ind1=" ">
      <subfield code="a">Rhinovirus</subfield>
   </datafield>
   <datafield ind2="0" ind1="0" tag="245">
      <subfield code="a">Infecciones virales de vías respiratorias en los primeros seis meses de vida</subfield>
   </datafield>
</record></metadata></record></GetRecord></OAI-PMH>